000 00911nam a22002291 4500
005 20080128171055.0
008 790110s1929 enka b 000 0 eng
010 _aENG-91273
020 _a9788120335288
_c225.00
035 _aEN-74806
037 _bDBAD / PUB
040 _adpl
_bEnglish
082 _a658.150285
100 _aPendse, Pradeep Hari
245 _aBusiness analysis:
_cby Pradeep Hari Pandse
_bvisualizing business processes and effective software solutions /
260 _aNew Delhi
_bPrentice Hall of India
_c2008
300 _axvi, 255p.:
_c25cm (pbk)
_bill.
500 _aIncludes references and index
650 _aBusiness
_xData processing
942 _2ddc
_cEN
_mPEN
_h658.150285
999 _c16592
_d16592